00310nam a2200121Ia 4500008004100000041000800041082001500049100001800064245002800082260004400110300002300154365001100177240624s9999 xx 000 0 und d aeng a657.45 BRI aBRISTOW NIGEL aCORPORATE CULTURE AUDIT aUKbCambridge Strategy Publications Ltd a94 : p. : cm. ; 29 cRSb50